000 00431nam a2200157Ia 4500
008 160316s1987 xxu||||| |||| 00| 0 eng d
082 _a301.000000
_bBHU
100 _aBhushan Vidya
245 _aAn introduction to sociology
250 _a7th
260 _aNew Delhi
_bKitab Mahal
_c1987
300 _a736p
_b20 cm
_cxiv
365 _bRs.48
650 _a1.Society - Social Organization - Human Social Change
700 _aSachdeva D R
_a
999 _c41
_d41